Les Personnages de One Piece niveau Yonko - Statistiques

Statistiques générales
  • Ce quiz a été pris 124 fois
  • Le résultat moyen est 14 sur 18
Statistiques - réponses
Rôle Personnage % Correct
Pirate Monkey D Luffy
96%
Pirate Gol D Roger
95%
Pirate Shanks le Roux
95%
Pirate Big Mom
94%
Marine Monkey D Garp
94%
Pirate Barbe Blanche
92%
Pirate Barbe Noire
92%
Pirate Kaido
90%
Roi du Monde Imu
89%
Samouraï Kozuki Oden
87%
Géant Loki
83%
Pirate Rocks D Xebec
79%
Pirate Silvers Rayleigh
67%
Géant Harald
66%
Pirate Joy Boy
62%
Pirate Shiki
62%
Pirate Scopper Gaban
53%
Pirate Hache d’Argent
9%
Aucun quiz correspondant
Distribution des résultats
% des personnes avec chaque résultat
Percentile par nombre de réponses
Votre historique - résultats
Vous n’avez pas pris ce quiz